000
00288nam a2200109Ia 4500
008
200302s9999 xx 000 0 und d
100
_a
George Barford
245
_a
Clay in the Classroom A Means to Creative Expression
260
_b
Davis Publishing Inc.,
260
_c
1963
300
_a
118 P.,
999
_c
335
_d
335